000 00360nam a2200133Ia 4500
008 151001s9999||||xx |||||||||||||| ||und||
100 _aशरद इंदुरखा
245 _aआओ प्रयोग करे
250 _a1
260 _bबिंदिया प्रकाशन
260 _c2008
300 _a16
365 _b21
999 _c992429
_d992426